Statistiche per Città italiane con Metropolitana

Clicka qui per fare il quiz!

Statistiche generali

  • Questo quiz è stato fatto 20 volte
  • Il punteggio medio è 6 su 7

Statistiche sulle risposte

Lunghezza metropolitana (km)Città% Corretto
104,1Milano
100%
30,8Napoli
100%
60,0Roma
100%
15,1Torino
100%
7,1Genova
89%
13,7Brescia
67%
8,8Catania
61%

Distribuzione punteggi

Percentile per numero di risposta

Percentuale di utenti per punteggio

I tuoi punteggi nel tempo

Non hai fatto questo quiz